000 00640nam a2200229 a 4500
999 _c11741
_d11741
001 11741
003 BD-JhCC
005 20211013134021.0
008 200823b2015 ii a|||| ||a| 000 0 eng d
020 _a9788129137890
035 _a(BD-JhCC)11741
040 _aBD-JhCC
_dBD-JhCC
041 _aeng
082 _a954.05092
_bKAL 2015
100 _aKalam, A.P.J Abdul
245 _aMy Life /
_cA.P.J Abdul Kalam .
260 _aIndia:
_bRupa;
_c2015.
300 _a111 p. :
_bill;
_c20 cm.
650 _aPresidents
_xScientists
_yIndia
_zAbdul Kalam, A. P. J. (Avul Pakir Jainulabdeen), 1931-2015
942 _2ddc
_cBK
_02